00903 a2200157 4500003000500000005001700005040000900022082001200031100002400043245008600067260005300153300002900206505045000235600002400685650003600709Nust20221227085437.0 cNust a355,BAR aMajor General Baron aThe power of personality in war / cMajor General Baron , Von Freytag-Loringhoven aArmy Education PressbThe military servicec1955 avii, 129 pbillusc19 cm aWar is the Doman of Danger (Page-1), War is the Doman of Physical Exertion and Suffering (Page-31), War is the Doman of Friction (Page-44), War is the Doman Uncertainty (Page-54), The Commander Must Have Imagination (Page-84), Ambition is One of The Essential Qualities of a Leader (Page-91), Only a Strong Mind Can Resist the Impressions of War (Page-100),Without Strength of Character (Page-112), The Essence of Military Leadership (Page-124). aMajor General Baron aThe power of personality in war